[Event "1st Kasimdzhanov Masters"]
[Site "Tashkent UZB"]
[Date "2023.03.28"]
[Round "3.2"]
[White "Van Foreest, Jorden"]
[Black "Abdusattorov, Nodirbek"]
[Result "0-1"]
[WhiteElo "2680"]
[BlackElo "2731"]
[PlyCount "84"]
[EventDate "2023.03.28"]

1. d4 Nf6 2. c4 e6 3. Nc3 Bb4 4. f3 d5 5. a3 Be7 6. e4 dxe4 7. fxe4 c5 8. d5 exd5 9. exd5 O-O 10. Nf3 Bg4 11. Be2 Bd6 ({RR} 11... Re8 12. O-O a6 13. h3 Bh5 14. Bf4 Bd6 15. Bg5 Nbd7 16. Qd2 Qc7 17. Bd3 b5 18. b3 bxc4 19. bxc4 Qa5 20. Ne4 Qxd2 21. Nexd2 Bg6 22. Bxg6 hxg6 23. Rab1 Rab8 24. Bxf6 gxf6 25. Kf2 f5 26. Rfe1 {Vaculik,J (2259)-Plischki,S (2311) Plzen CZE 2025 ½-½}) 12. O-O Bxf3 ({RR} 12... Nbd7 13. Bg5 Bxf3 14. Bxf3 Qc7 15. h3 Rae8 16. Nb5 Qb8 17. Nxd6 Qxd6 18. Qd2 Ne5 19. Bf4 Nxf3+ 20. Rxf3 Qd7 21. b4 Ne4 22. Qb2 b6 23. a4 f5 24. bxc5 bxc5 25. Qb5 Qf7 26. Raf1 Qf6 27. Be3 {Grigoryan,K (2651)-Peralta,F (2586) Barcelona 2020 1-0 (58)}) 13. Bxf3 a6 14. g4 $146 ({RR} 14. Kh1 Nbd7 15. Bg5 Qc7 16. g3 Rae8 17. Qd2 Be5 18. Rac1 h6 19. Be3 Bd6 20. Bg1 Ne5 21. Be2 Qd7 22. Rxf6 gxf6 23. Qxh6 f5 24. Rf1 f6 25. Qh3 Ng4 26. Rxf5 Qxf5 27. Bxg4 Qg6 28. Bf5 Qf7 {Kaasen,T (2453)-Popilski,G (2455) Chess.com INT 2022 0-1 (41)}) 14... Be5 15. Kh1 Ne8 16. Ne4 Nd7 17. Be3 Nd6 18. Qc2 Qc7 19. Ng5 g6 20. Qg2 Rfe8 21. Rae1 Nf8 22. Bc1 Re7 23. b3 Rae8 24. Ne6 Nxe6 25. dxe6 Rxe6 26. Bd5 Bc3 27. Bxe6 Bxe1 28. Bd5 Bc3 29. Qf3 Be5 30. Bg5 Qd7 31. b4 Bd4 32. bxc5 Bxc5 33. Qf6 Be3 34. Bxe3 Rxe3 35. c5 Nf5 36. Bg2 Re6 37. Qb2 Ne3 38. Rb1 Nd1 39. Qb4 a5 40. c6 Qe8 41. Qf4 Re1+ 42. Bf1 Qxc6+ 0-1

[Event "Chessable Masters Play-In"]
[Site "chess.com INT"]
[Date "2023.03.13"]
[Round "1"]
[White "Van Foreest, Lucas"]
[Black "Abdusattorov, Nodirbek"]
[Result "0-1"]
[WhiteElo "2570"]
[BlackElo "2731"]
[PlyCount "54"]
[EventDate "2023.03.13"]

1. d4 Nf6 2. c4 e6 3. Nc3 Bb4 4. Qc2 d5 5. a3 Bxc3+ 6. Qxc3 Ne4 7. Qc2 c5 8. dxc5 Nc6 9. e3 ({RR} 9. cxd5 exd5 10. Nf3 Qf6 11. e3 Bg4 12. Be2 O-O 13. O-O Rfe8 14. Bd2 d4 15. Rad1 Nxd2 16. Rxd2 dxe3 17. Rd6 Re6 18. fxe3 Rxd6 19. cxd6 Bxf3 20. Bxf3 Qxd6 21. Qb3 Qe7 22. Bd5 Nd8 23. Rc1 Qd7 {Mamedyarov,S (2809)-So,W (2799) Berlin 2018 ½-½ (31)}) ({RR} 9. cxd5 exd5 10. e3 Qa5+ 11. Bd2 Nxd2 12. Qxd2 Qxc5 13. Rc1 Qb6 14. Nf3 Bg4 15. Be2 O-O 16. O-O Rfd8 17. Rfd1 h6 18. Nd4 Nxd4 19. exd4 Bxe2 20. Qxe2 Re8 21. Qd2 Re4 22. f3 Re6 23. Rc5 Rae8 {Aakash,G (2251)-Ostensen,N (2280) chess.com INT 2024 ½-½ (78)}) 9... O-O 10. Nf3 Qa5+ 11. Bd2 Qxc5 $146 ({RR} 11... Nxd2 12. Qxd2 Qxc5 13. cxd5 exd5 14. Rc1 Qd6 15. Be2 Bg4 16. O-O Rfe8 17. h3 Bh5 18. Rfd1 Rad8 19. Rc3 f6 20. Rd3 Bf7 21. Qc3 Ne5 22. Nxe5 fxe5 23. R3d2 Qg6 24. Qc5 Qc6 25. Qa5 b6 26. Qa6 {Socko,M (2473)-Kosteniuk,A (2531) Playchess.com INT 2006 0-1 (88)}) 12. Rc1 Nxd2 13. Qxd2 Rd8 14. cxd5 Qxd5 15. Qxd5 Rxd5 16. Bc4 Rd8 17. Ke2 Bd7 18. Rhd1 Be8 19. Bd3 h6 20. Be4 Kf8 21. Nd4 Nxd4+ 22. Rxd4 Bb5+ 23. Kf3 Rxd4 24. exd4 Rd8 25. Rc7 Rxd4 26. Rxb7 a6 27. Ke3 Rxe4+ 0-1

[Event "86th Tata Steel Masters"]
[Site "Wijk aan Zee NED"]
[Date "2024.01.27"]
[Round "12.4"]
[White "Vidit, S.."]
[Black "Abdusattorov, Nodirbek"]
[Result "1-0"]
[WhiteElo "2742"]
[BlackElo "2727"]
[PlyCount "153"]
[EventDate "2024.01.13"]

1. d4 Nf6 2. c4 e6 3. Nf3 d5 4. Nc3 Bb4 5. e3 O-O 6. Bd2 b6 7. cxd5 exd5 8. Rc1 Be7 9. g3 $146 ({RR} 9. Bd3 c5 10. O-O Bg4 11. Ne2 Bd6 12. Ng3 c4 13. Bb1 Bxg3 14. hxg3 Ne4 15. Qe1 Bf5 16. Bb4 Re8 17. Nh4 Bg6 18. f3 Nd6 19. e4 dxe4 20. Nxg6 hxg6 21. Bxd6 Qxd6 22. Bxe4 Nc6 23. Rxc4 Nxd4 {Lou Yiping (2464)-Xiao,T (2491) Ji'an CHN 2025 ½-½ (48)}) ({RR} 9. Bd3 c5 10. Ne5 Bb7 11. O-O Nc6 12. Be1 Rc8 13. Bf5 Ra8 14. f4 cxd4 15. Nb5 Nxe5 16. fxe5 Ne4 17. exd4 Bg5 18. Rc2 Ba6 19. a4 g6 20. Bxe4 dxe4 21. d5 Bxb5 22. axb5 Qe8 23. Qd4 Qxb5 {Carlsen,M (2831)-Nepomniachtchi,I (2755) chess.com INT 2024 1-0 (53)}) 9... Nbd7 10. Bg2 Ba6 11. Qa4 Bc4 12. b3 Bd3 13. Ne5 Nxe5 14. dxe5 Ne4 15. Qd4 Nxc3 16. Bxc3 Bg6 17. Bxd5 c6 18. Bg2 Qc8 19. e6 f6 20. Qd7 Ba3 21. Rd1 Bf5 22. Qxc6 Bxe6 23. Qxe6+ Qxe6 24. Bd5 Qxd5 25. Rxd5 Rfc8 26. Kd2 Rc7 27. Kd3 Rac8 28. Bd4 Kf7 29. Rd1 Ke6 30. e4 Rc2 31. Rd2 Rc1 32. f4 Bb4 33. f5+ Ke7 34. Re2 Rd1+ 35. Ke3 Rcc1 36. e5 fxe5 37. Rxe5+ Kf7 38. g4 Rc7 39. Re6 Rd7 40. Be5 Rg1 41. Kf3 Rd3+ 42. Kf4 Bd2+ 43. Ke4 Rd7 44. Bg3 Bb4 45. Rc6 Bc5 46. g5 Kf8 47. g6 hxg6 48. fxg6 Re7+ 49. Be5 Re8 50. Kf5 Rf1+ 51. Kg4 Rg1+ 52. Kh5 Be7 53. h4 Rh1 54. Bg3 Rd8 55. Rce6 Bc5 56. Bc7 Rc8 57. Bf4 Rd1 58. R2e4 a5 59. Kg4 Rg1+ 60. Kf5 Rd8 61. Bg5 Rf1+ 62. Kg4 Rg1+ 63. Kh5 Rc8 64. Rc4 Ra8 65. Rf4+ Kg8 66. Rfe4 Rf8 67. Re2 Rgf1 68. Re8 Bb4 69. Rxf8+ Kxf8 70. Rc2 Bc5 71. Kg4 Rg1+ 72. Kf5 Rf1+ 73. Ke6 Ke8 74. Re2 Rg1 75. Re5 Kf8 76. Rd5 Re1+ 77. Kf5 1-0